000
00220nam a22000857a 4500
008
161217b xxu||||| |||| 00| 0 eng d
100
_9
2099
_a
Chabbra T.N Etal
245
_a
BUsiness Studies XI
260
_a
New Delhi
_b
A.P.C
_c
2011
999
_c
4982
_d
4982